000 00789nam a2200265 a 4500
001 000009394
005 20200929161559.0
008 890408s1985 nq 000 1 spa
010 _a86106149
040 _aDO-SdBNP
_cDLC
_dBNPHU
043 _anc-----
082 _aN863.42
_bQ7b
100 1 _aQuintana, Emilio.
_924178
245 1 0 _aBananos /
_cEmilio Quintana.
260 _aManagua, Nicaragua :
_bEditorial Nueva Nicaragua,
_c1985.
300 _a132 p. ;
_c19 cm.
490 1 _aLetras de Nicaragua
_v12
500 _a"Relatos"--P. [4], cover.
500 _aFirst published in 1942.
650 4 _aNovela nicaraguense
_922434
650 4 _aLiteratura nicaraguense
_98180
830 0 _aLetras de Nicaragua ;
_v12.
_98119
910 _aCatalogación por copia / LC
049 _aBNGR
999 _c9154
_d9154